[Event "Rated Blitz tournament vaURZw6X"]
[Site "?"]
[Date "2021.10.30"]
[Round "?"]
[White "JamesTrickington"]
[Black "dr_xStranger"]
[Result "1-0"]
[WhiteElo "2568"]
[BlackElo "2662"]
[PlyCount "131"]
[EventDate "2021.??.??"]
[EventType "blitz"]

1. e4 e5 2. Nf3 d5 3. exd5 e4 4. Qe2 Nf6 5. d3 Bb4+ 6. c3 O-O 7. dxe4 Bc5 8.
Bg5 Re8 9. Bxf6 Qxf6 10. Nbd2 c6 11. e5 Qg6 12. Qc4 Bb6 13. O-O-O cxd5 14. Qxd5
Nc6 15. Bd3 Be6 16. Bxg6 Bxd5 17. Be4 Bxe4 18. Nxe4 Nxe5 19. Nxe5 Rxe5 20. f3
f5 21. Ng3 Rae8 22. Rd7 Be3+ 23. Kc2 Bf4 24. Rhd1 Rb5 25. a4 Rb6 26. a5 Rb5 27.
b4 Rc8 28. Rd8+ Rxd8 29. Rxd8+ Kf7 30. Ne2 Be3 31. Kd3 f4 32. g3 Ke7 33. Rg8
Rd5+ 34. Ke4 Rd2 35. Nxf4 Bxf4 36. Kxf4 Kf7 37. Rb8 Rd7 38. Ke5 Re7+ 39. Kd6
Re6+ 40. Kd5 Re7 41. c4 Kf6 42. b5 Rd7+ 43. Ke4 Rc7 44. Kd4 Rd7+ 45. Kc5 Ke5
46. Re8+ Kf6 47. a6 Rc7+ 48. Kb4 b6 49. Rb8 Ke6 50. Rb7 Kd6 51. Rxc7 Kxc7 52.
c5 bxc5+ 53. Kxc5 g5 54. f4 g4 55. f5 h5 56. f6 Kd7 57. b6 axb6+ 58. Kxb6 Ke6
59. a7 Kxf6 60. a8=Q Kg5 61. Qe4 h4 62. Qf4+ Kh5 63. Qf5+ Kh6 64. Qxg4 h3 65.
Kc6 Kh7 66. Kd6 {Normal} 1-0

[Event "Rated Blitz game"]
[Site "?"]
[Date "2021.10.29"]
[Round "?"]
[White "VictorMx23"]
[Black "khalid_ontawar"]
[Result "0-1"]
[WhiteElo "2390"]
[BlackElo "2471"]
[PlyCount "134"]
[EventDate "2021.??.??"]
[EventType "blitz"]

1. e4 e5 2. Nf3 d5 3. Nxe5 Qe7 4. d4 f6 5. Nf3 dxe4 6. Nfd2 Nc6 7. c3 Bd7 8.
Qc2 f5 9. Na3 O-O-O 10. Ndc4 g5 11. Bd2 f4 12. O-O-O e3 13. fxe3 fxe3 14. Nxe3
g4 15. Bd3 h5 16. Rde1 Bh6 17. Kb1 Qg7 18. Nf5 Bxf5 19. Bxf5+ Kb8 20. Nc4 Nge7
21. Be4 Nd5 22. Qa4 Bxd2 23. Nxd2 Nb6 24. Qc2 Qh6 25. Rhf1 Rhf8 26. Rxf8 Rxf8
27. Nf1 Nc4 28. Qc1 Qg7 29. Bxc6 bxc6 30. Qd1 Rf2 31. Qb3+ Nb6 32. a4 Qf6 33.
Ne3 Kc8 34. a5 Nd5 35. Nxd5 Qf5+ 36. Ka1 Qxd5 37. Qxd5 cxd5 38. Re5 Rxg2 39.
Rxh5 c6 40. Rg5 Kc7 41. Ka2 Kb7 42. Ka3 Ka6 43. b4 Kb5 44. Kb3 Rg1 45. h3 g3
46. h4 g2 47. Kb2 Kc4 48. h5 Rh1 49. Rxg2 Rxh5 50. Rg6 Rh2+ 51. Ka3 Kxc3 52.
Rxc6+ Kxd4 53. b5 Rh3+ 54. Ka4 Rh1 55. b6 Ra1+ 56. Kb5 axb6 57. Ka6 bxa5 58.
Kb7 a4 59. Ra6 a3 60. Ra4+ Kc3 61. Kc6 d4 62. Kc5 d3 63. Rc4+ Kd2 64. Rd4 a2
65. Ra4 Kd1 66. Kd4 d2 67. Rxa2 Rxa2 {Time forfeit} 0-1

[Event "Rated Blitz game"]
[Site "?"]
[Date "2021.10.29"]
[Round "?"]
[White "malcriado007"]
[Black "MischieviousPawn"]
[Result "1-0"]
[WhiteElo "2577"]
[BlackElo "2529"]
[PlyCount "23"]
[EventDate "2021.??.??"]
[EventType "blitz"]

1. e4 e5 2. Nf3 d5 3. d4 dxe4 4. Nxe5 Bd6 5. Nc4 Nf6 6. Bg5 Nc6 7. Nxd6+ Qxd6
8. c3 Bf5 9. Qb3 O-O 10. Nd2 Nd5 11. Nc4 Qh6 12. Bxh6 {Normal} 1-0

[Event "Rated Blitz game"]
[Site "?"]
[Date "2021.10.29"]
[Round "?"]
[White "luisaceo"]
[Black "Annali-annaliew1979"]
[Result "1-0"]
[WhiteElo "2544"]
[BlackElo "2479"]
[PlyCount "113"]
[EventDate "2021.??.??"]
[EventType "blitz"]

1. e4 e5 2. Nf3 d5 3. Nxe5 Qe7 4. Nf3 dxe4 5. Nd4 f5 6. Be2 Nf6 7. O-O c5 8.
Nb3 Nc6 9. d3 Be6 10. dxe4 Rd8 11. Qe1 fxe4 12. Nc3 Qf7 13. Bg5 Be7 14. Bb5 O-O
15. Bxf6 Bxf6 16. Qxe4 Nd4 17. Nxd4 cxd4 18. Bd3 g6 19. Ne2 Bf5 20. Qf3 Bxd3
21. Qxd3 Qg7 22. Ng3 a6 23. Ne4 Be5 24. Rfe1 Qh6 25. g3 Rfe8 26. Rad1 b5 27.
Nc5 Qg7 28. f4 Bb8 29. Rxe8+ Rxe8 30. Qxd4 Ba7 31. Qd5+ Qf7 32. b4 Qxd5 33.
Rxd5 Re2 34. Rd8+ Kf7 35. Rd7+ Re7 36. Rxe7+ Kxe7 37. Kf2 Bxc5+ 38. bxc5 Ke6
39. Ke3 Kd5 40. g4 Kxc5 41. Kd3 Kd5 42. h4 h5 43. gxh5 gxh5 44. a3 a5 45. c3 a4
46. Ke3 Kc4 47. f5 Kxc3 48. f6 b4 49. f7 b3 50. f8=Q b2 51. Qb4+ Kc2 52. Qxa4+
Kc1 53. Qc4+ Kb1 54. Kd2 Ka1 55. Qc3 Ka2 56. Qxb2+ Kxb2 57. a4 {Normal} 1-0

[Event "Rated Blitz tournament 89ws17hi"]
[Site "?"]
[Date "2021.10.29"]
[Round "?"]
[White "bamboszko"]
[Black "Razario90"]
[Result "1-0"]
[WhiteElo "2519"]
[BlackElo "2394"]
[PlyCount "45"]
[EventDate "2021.??.??"]
[EventType "blitz"]

1. e4 e5 2. Nf3 d5 3. d4 dxe4 4. Nxe5 Bd6 5. Bf4 Bxe5 6. Bxe5 f6 7. Bg3 Ne7 8.
Nc3 Bf5 9. Bc4 Nd7 10. O-O Nb6 11. Bb3 a5 12. a4 Nbd5 13. Nxd5 Nxd5 14. c4 Nb4
15. c5 Nd3 16. Rb1 Qd7 17. Qe2 Qxd4 18. Rfd1 O-O-O 19. Bc2 Rhe8 20. Bxd3 exd3
21. Qd2 Re2 22. Qxa5 Rxb2 23. Qxc7# {Normal} 1-0

[Event "Rated Blitz game"]
[Site "?"]
[Date "2021.10.29"]
[Round "?"]
[White "Yvette1980"]
[Black "Benny_Watts_2005"]
[Result "0-1"]
[WhiteElo "2434"]
[BlackElo "2428"]
[PlyCount "66"]
[EventDate "2021.??.??"]
[EventType "blitz"]

1. e4 e5 2. Nf3 d5 3. d4 dxe4 4. Nxe5 Bd6 5. Nc3 Bxe5 6. dxe5 Qxd1+ 7. Kxd1 Bf5
8. Be2 Nc6 9. Bf4 O-O-O+ 10. Kc1 Nd4 11. Bc4 Ne6 12. Bg3 Ne7 13. Rd1 Ng6 14. b3
h5 15. h3 h4 16. Bh2 c6 17. Kb2 Rhf8 18. a4 Nd4 19. Ne2 Ne6 20. Kc3 Ng5 21. b4
Rxd1 22. Rxd1 Re8 23. Nd4 Bd7 24. Bf4 Nxf4 25. g3 hxg3 26. fxg3 Nfxh3 27. Rf1
Rxe5 28. Bxf7 e3 29. Bc4 Nf2 30. a5 Nge4+ 31. Kb2 Nd2 32. Be2 Nxf1 33. Bxf1 Bg4
{Normal} 0-1

[Event "Rated Blitz game"]
[Site "?"]
[Date "2021.10.29"]
[Round "?"]
[White "ArieWerksma"]
[Black "batasjon"]
[Result "1-0"]
[WhiteElo "2443"]
[BlackElo "2455"]
[PlyCount "65"]
[EventDate "2021.??.??"]
[EventType "blitz"]

1. e4 e5 2. Nf3 d5 3. exd5 e4 4. Ne5 Qxd5 5. d4 exd3 6. Nxd3 Nf6 7. Nc3 Qf5 8.
Be2 Bd6 9. O-O O-O 10. Bf3 Nc6 11. Re1 Nd4 12. Be4 Qh5 13. Qxh5 Nxh5 14. Rd1
Nxc2 15. Rb1 Re8 16. Bf3 Nf6 17. Bg5 Nd4 18. Bxf6 Nxf3+ 19. gxf3 gxf6 20. Ne4
Be7 21. Nf4 f5 22. Nc3 c6 23. Re1 Kf8 24. Rbd1 Bg5 25. Rxe8+ Kxe8 26. Nd3 b6
27. f4 Bh6 28. Ne5 Bxf4 29. Nxc6 Bd7 30. Re1+ Kf8 31. Ne5 Be8 32. Nd5 Rc8 33.
Nxf4 {Normal} 1-0

[Event "Rated Blitz game"]
[Site "?"]
[Date "2021.10.29"]
[Round "?"]
[White "simplesimpson03"]
[Black "Benny_Watts_2005"]
[Result "1/2-1/2"]
[WhiteElo "2481"]
[BlackElo "2431"]
[PlyCount "188"]
[EventDate "2021.??.??"]
[EventType "blitz"]

1. e4 e5 2. Nf3 d5 3. exd5 e4 4. Qe2 Nf6 5. d3 Qxd5 6. dxe4 Qxe4 7. Nc3 Qxe2+
8. Bxe2 Be7 9. O-O O-O 10. Bf4 c6 11. Rfe1 Be6 12. Rad1 Nbd7 13. Nd4 Nd5 14.
Nxe6 fxe6 15. Nxd5 exd5 16. Bg3 Bf6 17. c3 Rfe8 18. Bg4 Nc5 19. Kf1 Ne4 20. Bf4
h6 21. f3 Nc5 22. Rxe8+ Rxe8 23. Bh5 Rf8 24. Bd6 Na4 25. Bxf8 Kxf8 26. Rd2 c5
27. Rxd5 Nxb2 28. Rxc5 Ke7 29. Rc7+ Kd6 30. Rxb7 Bxc3 31. Rxa7 Bd4 32. Rb7 Kc6
33. Rb3 Nc4 34. Ke2 Bf6 35. g3 Na5 36. Rd3 Kb5 37. f4 Nc4 38. Be8+ Kb4 39. Rb3+
Kc5 40. Bf7 Nd6 41. Bg8 Nf5 42. Kf2 Bd4+ 43. Kg2 Ne3+ 44. Kh3 Nf5 45. a4 Nd6
46. a5 Nb5 47. a6 Kc6 48. Bd5+ Kc5 49. Be4 Kc4 50. Rb1 Nc3 51. Re1 Kb5 52. Bb7
Kb6 53. Re7 Bf6 54. Rf7 Nb5 55. Bc8 Nd6 56. Bb7 Nxf7 57. Kg4 Nd6 58. h4 Nxb7
59. axb7 Kxb7 60. Kh5 Kc6 61. g4 Kd7 62. g5 hxg5 63. fxg5 Bb2 64. Kg6 Ke8 65.
h5 Kf8 66. h6 Kg8 67. hxg7 Bxg7 68. Kf5 Ba1 69. Kg4 Kf8 70. Kf5 Kg7 71. Kg4 Kf8
72. Kh4 Kg8 73. Kg4 Kg7 74. Kf5 Kg8 75. g6 Kg7 76. Ke6 Bf6 77. Kd5 Be7 78. Ke4
Bf6 79. Kf3 Bd8 80. Kg2 Bf6 81. Kh2 Bd8 82. Kh1 Bf6 83. Kg1 Be5 84. Kh1 Bd4 85.
Kg2 Be5 86. Kh1 Bc3 87. Kg2 Bd2 88. Kh1 Be3 89. Kg2 Bf4 90. Kh1 Bg5 91. Kg2 Bf6
92. Kh1 Bg5 93. Kg2 Kf6 94. Kh1 Kg7 {Normal} 1/2-1/2

[Event "Rated Blitz game"]
[Site "?"]
[Date "2021.10.29"]
[Round "?"]
[White "Babnik"]
[Black "khalid_ontawar"]
[Result "1-0"]
[WhiteElo "2476"]
[BlackElo "2474"]
[PlyCount "71"]
[EventDate "2021.??.??"]
[EventType "blitz"]

1. e4 e5 2. Nf3 d5 3. Nxe5 Qe7 4. d4 f6 5. Nd3 dxe4 6. Nf4 Bf5 7. Bc4 Nc6 8. c3
O-O-O 9. O-O Ne5 10. Qb3 Nxc4 11. Qxc4 g5 12. Ne2 h5 13. Be3 Kb8 14. Nd2 h4 15.
a4 Be6 16. Qb5 a6 17. Qa5 f5 18. f4 g4 19. c4 Qb4 20. Qxb4 Bxb4 21. d5 Bxd2 22.
Bxd2 Bc8 23. Bc3 Rh7 24. Nd4 b6 25. Nc6+ Ka8 26. Nxd8 Bd7 27. a5 b5 28. cxb5
Bxb5 29. Rfd1 Be2 30. Rd2 Bb5 31. Ne6 Kb7 32. Be5 Rd7 33. Rc1 e3 34. Rdc2 e2
35. Nc5+ Kc8 36. Nxd7 {Normal} 1-0

[Event "Rated Blitz game"]
[Site "?"]
[Date "2021.10.29"]
[Round "?"]
[White "FARYAB-CHESS-CLUB"]
[Black "RCompany_1"]
[Result "0-1"]
[WhiteElo "2406"]
[BlackElo "2402"]
[PlyCount "94"]
[EventDate "2021.??.??"]
[EventType "blitz"]

1. e4 e5 2. Nf3 d5 3. Nc3 d4 4. Ne2 f6 5. Ng3 c5 6. Bc4 Nc6 7. d3 Na5 8. Bb3
Bd6 9. Bd2 Ne7 10. Bxa5 Qxa5+ 11. Qd2 Qxd2+ 12. Nxd2 b5 13. a4 Bd7 14. axb5
Bxb5 15. Nc4 Kd7 16. Ba4 a6 17. Kd2 g6 18. Nb6+ Kc6 19. Nxa8 Rxa8 20. Bxb5+
Kxb5 21. c4+ Kb6 22. Rhb1 a5 23. Ra3 Nc6 24. Ne2 Bc7 25. Nc1 Nb4 26. Nb3 Ra6
27. Rba1 Nc6 28. Rxa5 Rxa5 29. Rxa5 Nxa5 30. Nc1 Kc6 31. Kc2 Nb7 32. Kb3 Ba5
33. Ka4 Kb6 34. g3 Be1 35. f4 exf4 36. gxf4 Bd2 37. Nb3 Bxf4 38. Na1 g5 39. b4
h5 40. Nc2 g4 41. bxc5+ Nxc5+ 42. Ka3 Be5 43. Ne1 h4 44. Kb2 Bxh2 45. Kc2 h3
46. Kd2 Bg3 47. Ke2 Bxe1 {Normal} 0-1

[Event "Rated Blitz game"]
[Site "?"]
[Date "2021.10.29"]
[Round "?"]
[White "Chessfamil200"]
[Black "khalid_ontawar"]
[Result "0-1"]
[WhiteElo "2474"]
[BlackElo "2485"]
[PlyCount "76"]
[EventDate "2021.??.??"]
[EventType "blitz"]

1. e4 e5 2. Nf3 d5 3. exd5 e4 4. Qe2 Nf6 5. Nc3 Bf5 6. d3 Bb4 7. Bd2 Bxc3 8.
Bxc3 O-O 9. dxe4 Nxe4 10. Bd4 Qxd5 11. O-O-O Qxa2 12. b3 Nc6 13. Bb2 Rfe8 14.
Qb5 Bg6 15. Qxb7 Na5 16. Qd5 Nxf2 17. Bb5 c6 18. Qd4 f6 19. Qxf2 cxb5 20. Rhe1
Rec8 21. Nd4 Rxc2+ 22. Qxc2 Bxc2 23. Kxc2 Nxb3 24. Nc6 Qa4 25. Kb1 b4 26. Ne7+
Kf7 27. Nf5 Re8 28. Nd6+ Kg6 29. Nxe8 Nc5 30. Nd6 b3 31. Rd4 Qa2+ 32. Kc1 Na4
33. Rxa4 Qxa4 34. Ne4 Qc4+ 35. Nc3 a5 36. Re4 Qf1+ 37. Nd1 Qd3 38. Nc3 Qc2# {
Normal} 0-1

[Event "Rated Blitz game"]
[Site "?"]
[Date "2021.10.29"]
[Round "?"]
[White "Mrios"]
[Black "MischieviousPawn"]
[Result "1-0"]
[WhiteElo "2593"]
[BlackElo "2524"]
[PlyCount "85"]
[EventDate "2021.??.??"]
[EventType "blitz"]

1. e4 e5 2. Nf3 d5 3. exd5 e4 4. Ne5 Bd6 5. d4 Nf6 6. c4 O-O 7. Nc3 c6 8. dxc6
Nxc6 9. Nxc6 bxc6 10. Be2 Qc7 11. h3 Bf5 12. Be3 Qd7 13. Qd2 Rab8 14. O-O-O Rb7
15. c5 Be7 16. Kb1 Rfb8 17. b3 Nd5 18. Nxd5 Qxd5 19. Ka1 Rxb3 20. Rb1 Rxb1+ 21.
Rxb1 Rxb1+ 22. Kxb1 Be6 23. Qb2 f5 24. g3 h6 25. Bd1 Qd7 26. Bb3 Kh7 27. h4 Bf6
28. Bxe6 Qxe6 29. Qb3 Qd7 30. Qc4 g5 31. hxg5 hxg5 32. Kc2 Kg6 33. a4 Qc7 34.
Kb3 f4 35. gxf4 gxf4 36. Qg8+ Kf5 37. Bd2 Bxd4 38. Qg2 Qf7+ 39. Kb4 Qb7+ 40.
Ka5 Be5 41. Qh3+ Kf6 42. Qh6+ Ke7 43. Qh7+ {Normal} 1-0

[Event "Rated Blitz game"]
[Site "?"]
[Date "2021.10.29"]
[Round "?"]
[White "MrNick18"]
[Black "RCompany_1"]
[Result "0-1"]
[WhiteElo "2476"]
[BlackElo "2385"]
[PlyCount "32"]
[EventDate "2021.??.??"]
[EventType "blitz"]

1. e4 e5 2. Nf3 d5 3. exd5 e4 4. Qe2 Nf6 5. Nc3 Be7 6. Nxe4 Nxd5 7. c4 Nb4 8.
d4 O-O 9. a3 N4c6 10. Be3 Re8 11. O-O-O Bf8 12. Nc3 Bf5 13. Qe1 Na5 14. Nd2
Nbc6 15. b4 Nxd4 16. bxa5 Bxa3# {Normal} 0-1

[Event "Rated Blitz game"]
[Site "?"]
[Date "2021.10.29"]
[Round "?"]
[White "MaaL-GLCC"]
[Black "Annali-annaliew1979"]
[Result "0-1"]
[WhiteElo "2372"]
[BlackElo "2464"]
[PlyCount "44"]
[EventDate "2021.??.??"]
[EventType "blitz"]

1. e4 e5 2. Nf3 d5 3. Nc3 dxe4 4. Nxe4 f5 5. Nc3 e4 6. Nd4 Qxd4 7. d3 Nf6 8.
Be3 Qb4 9. dxe4 Qxb2 10. Nb5 Bb4+ 11. c3 Bxc3+ 12. Nxc3 Qxc3+ 13. Bd2 Qe5 14.
Bc4 Qxe4+ 15. Be2 Qxg2 16. Bf3 Qh3 17. Qb3 Ne4 18. O-O-O Nc6 19. Bxe4 Qxb3 20.
axb3 fxe4 21. Bc3 Bg4 22. Rdg1 Bf3 {Normal} 0-1

[Event "Rated Blitz game"]
[Site "?"]
[Date "2021.10.29"]
[Round "?"]
[White "DJaeggi"]
[Black "MischieviousPawn"]
[Result "1-0"]
[WhiteElo "2633"]
[BlackElo "2588"]
[PlyCount "125"]
[EventDate "2021.??.??"]
[EventType "blitz"]

1. e4 e5 2. Nf3 d5 3. exd5 e4 4. Qe2 Nf6 5. d3 Qxd5 6. Nbd2 Qa5 7. c3 Be7 8.
Nxe4 O-O 9. g3 Nc6 10. Bg2 Bg4 11. h3 Bh5 12. O-O Rfe8 13. Qc2 Rad8 14. Bf4 h6
15. b4 Qd5 16. Rad1 g5 17. Be3 Bg6 18. Nd4 Nxe4 19. dxe4 Nxd4 20. Rxd4 Qe6 21.
Rfd1 Rxd4 22. Bxd4 b6 23. b5 Bf6 24. Re1 Be5 25. Qb3 Qe7 26. Qd5 Bd6 27. e5 Kh7
28. f4 gxf4 29. gxf4 Qh4 30. Rf1 Bf8 31. f5 Bh5 32. e6 fxe6 33. fxe6 Bd6 34.
Qf5+ Bg6 35. Qf6 Qxf6 36. Rxf6 Bf8 37. Bc6 Rb8 38. Kg2 Bg7 39. Rf4 Bxd4 40.
Rxd4 Kg7 41. e7 Rh8 42. Rd8 Kh7 43. Rxh8+ Kxh8 44. e8=Q+ Bxe8 45. Bxe8 Kg7 46.
Kf3 Kf6 47. Bc6 Ke5 48. Kg4 Kd6 49. Kh5 a6 50. Kxh6 a5 51. Kg5 Kc5 52. h4 Kc4
53. h5 Kxc3 54. h6 Kb2 55. h7 Kxa2 56. h8=Q Kb3 57. Qa1 Kc4 58. Kf4 Kb4 59. Ke3
a4 60. Kd2 Ka5 61. Kc1 Kb4 62. Kb2 Ka5 63. Qe1# {Normal} 1-0

[Event "Rated Blitz game"]
[Site "?"]
[Date "2021.10.29"]
[Round "?"]
[White "Annali-annaliew1979"]
[Black "Benny_Watts_2005"]
[Result "1/2-1/2"]
[WhiteElo "2465"]
[BlackElo "2420"]
[PlyCount "77"]
[EventDate "2021.??.??"]
[EventType "blitz"]

1. e4 e5 2. Nf3 d5 3. d4 dxe4 4. Nxe5 Bd6 5. Nc4 Nc6 6. Be3 Nf6 7. a3 Bg4 8.
Be2 Bxe2 9. Qxe2 O-O 10. Nc3 Qd7 11. h3 Rfe8 12. O-O-O a6 13. g4 b5 14. Nxd6
Qxd6 15. d5 Ne5 16. g5 Nfd7 17. Nxe4 Qg6 18. f3 Nc4 19. Bd4 Nde5 20. h4 Nxf3
21. Qxf3 Qxe4 22. Qxe4 Rxe4 23. Rhe1 Rae8 24. Rxe4 Rxe4 25. h5 Nd6 26. h6 Nf5
27. Bc3 gxh6 28. gxh6 Nxh6 29. Rg1+ Ng4 30. Ba5 Kf8 31. Bxc7 Ke8 32. b3 f5 33.
d6 Kd7 34. Rh1 Nf6 35. Rh6 Re6 36. Rh4 Re4 37. Rh6 Re6 38. Rh4 Re4 39. Rh6 {
Normal} 1/2-1/2

[Event "Rated Blitz game"]
[Site "?"]
[Date "2021.10.29"]
[Round "?"]
[White "hongnhung2101"]
[Black "Minty0209"]
[Result "1-0"]
[WhiteElo "2429"]
[BlackElo "2309"]
[PlyCount "95"]
[EventDate "2021.??.??"]
[EventType "blitz"]

1. e4 e5 2. Nf3 d5 3. exd5 e4 4. Qe2 Qe7 5. Nd4 Qe5 6. Nb3 Nf6 7. Nc3 Bd6 8. g3
O-O 9. Bg2 Bg4 10. Qc4 Bf3 11. O-O Nbd7 12. Re1 Bxg2 13. Kxg2 Rfe8 14. d3 Nb6
15. Qb5 a6 16. Qa5 Qf5 17. dxe4 Nxe4 18. Nxe4 Rxe4 19. Be3 Nxd5 20. Qd2 Rae8
21. Bd4 Bf4 22. Qd3 Bd6 23. f3 Nf4+ 24. gxf4 Qxf4 25. Rxe4 Qxh2+ 26. Kf1 Qh3+
27. Ke2 Rd8 28. Rg1 Qh2+ 29. Kd1 Bg3 30. Rf1 Qh5 31. Kc1 Qh6+ 32. Kb1 b6 33.
Qc3 c5 34. Be5 Qh3 35. Rg1 Qh2 36. Rxg3 Rd1+ 37. Nc1 Qh1 38. Rxg7+ Kf8 39. Bd6+
Rxd6 40. Re1 Qh6 41. Rg4 f5 42. Qh8+ Kf7 43. Qg8+ Kf6 44. Rgg1 b5 45. Qh8+ Kf7
46. Qe8+ Kf6 47. Rg8 Qd2 48. Qe7# {Normal} 1-0

[Event "Rated Blitz game"]
[Site "?"]
[Date "2021.10.29"]
[Round "?"]
[White "FBARRIGAUCH"]
[Black "artsportscience"]
[Result "0-1"]
[WhiteElo "2413"]
[BlackElo "2384"]
[PlyCount "152"]
[EventDate "2021.??.??"]
[EventType "blitz"]

1. e4 e5 2. Nf3 d5 3. Nxe5 Bd6 4. d4 dxe4 5. Nc4 Nf6 6. Nxd6+ Qxd6 7. Be2 O-O
8. O-O c6 9. c4 Bf5 10. Be3 Nbd7 11. Nc3 Rfe8 12. Rc1 Nf8 13. a3 Rad8 14. b4
Ng6 15. Qb3 Nf4 16. c5 Nxe2+ 17. Nxe2 Qd7 18. Ng3 Nd5 19. a4 Bg6 20. b5 f5 21.
Bg5 Rc8 22. Ne2 h6 23. Bf4 Bf7 24. Qb2 Nxf4 25. Nxf4 Rcd8 26. Rcd1 e3 27. fxe3
Rxe3 28. Rf2 Rde8 29. Nd3 Bh5 30. Qb3+ Kh7 31. Rdf1 Be2 32. Rxe2 Rxe2 33. Qc4
Qd5 34. Qxd5 cxd5 35. c6 bxc6 36. bxc6 Rd2 37. Rf3 Ree2 38. Kf1 Rxg2 39. c7
Rxh2 40. Kg1 Rhg2+ 41. Kh1 Rge2 42. Kg1 Rc2 43. Kf1 Red2 44. Ke1 Rh2 45. Rxf5
Rh1+ 46. Rf1 Rxf1+ 47. Kxf1 Rxc7 48. Nc5 Rf7+ 49. Ke2 Rf4 50. Kd3 h5 51. Ne6
Rf3+ 52. Ke2 Ra3 53. Nc5 Ra2+ 54. Ke3 g5 55. Ne6 Kg6 56. Nf8+ Kf7 57. Nd7 Rxa4
58. Ne5+ Kf6 59. Nf3 Ra3+ 60. Kf2 Rxf3+ 61. Kxf3 a5 62. Ke3 a4 63. Kd3 a3 64.
Kc3 h4 65. Kb3 h3 66. Kxa3 h2 67. Kb4 h1=Q 68. Kc5 Qe4 69. Kd6 Qxd4 70. Kc6 Qe4
71. Kd6 d4 72. Kc5 d3 73. Kb5 d2 74. Kb6 d1=Q 75. Ka7 Qdb1 76. Ka6 Qa4# {Normal
} 0-1

[Event "Rated Blitz game"]
[Site "?"]
[Date "2021.10.29"]
[Round "?"]
[White "leonpeleon"]
[Black "Lorian2514"]
[Result "0-1"]
[WhiteElo "2459"]
[BlackElo "2637"]
[PlyCount "38"]
[EventDate "2021.??.??"]
[EventType "blitz"]

1. e4 e5 2. Nf3 d5 3. Nxe5 Bd6 4. d4 dxe4 5. Be2 Nf6 6. O-O Nc6 7. Nxc6 bxc6 8.
Bg5 Rb8 9. b3 h6 10. Bh4 O-O 11. Nd2 Re8 12. c4 Ba3 13. Qc2 Qxd4 14. Rad1 Qe5
15. Rfe1 Bf5 16. Nf1 Bb4 17. Bg3 Qe6 18. Ne3 Bxe1 19. Rxe1 Rbc8 {Time forfeit}
0-1

[Event "Rated Blitz game"]
[Site "?"]
[Date "2021.10.29"]
[Round "?"]
[White "QuercusFrainetto"]
[Black "RCompany_1"]
[Result "1-0"]
[WhiteElo "2422"]
[BlackElo "2404"]
[PlyCount "71"]
[EventDate "2021.??.??"]
[EventType "blitz"]

1. e4 e5 2. Nf3 d5 3. exd5 e4 4. Qe2 Nf6 5. d4 Be7 6. Ne5 Qxd5 7. Qc4 Nbd7 8.
Nxd7 Bxd7 9. Nc3 Qf5 10. Be3 O-O 11. O-O-O c6 12. Be2 b5 13. Qb3 b4 14. Na4 Be6
15. Bc4 Bd5 16. Nc5 a5 17. Bxd5 cxd5 18. Qa4 Rfc8 19. Kb1 Ng4 20. Rdf1 Bxc5 21.
dxc5 Qe5 22. c6 d4 23. Bc1 e3 24. fxe3 dxe3 25. Re1 e2 26. Qb3 Rxc6 27. Qf3 Qc5
28. Rxe2 Nf6 29. Rhe1 h6 30. Qe3 Qf5 31. Qf3 Qc5 32. Be3 Qc4 33. Bg1 Rac8 34.
Qd3 Qg4 35. h3 Qh5 36. g4 {Time forfeit} 1-0

[Event "Rated Blitz game"]
[Site "?"]
[Date "2021.10.29"]
[Round "?"]
[White "sokouti"]
[Black "Annali-annaliew1979"]
[Result "0-1"]
[WhiteElo "2399"]
[BlackElo "2469"]
[PlyCount "94"]
[EventDate "2021.??.??"]
[EventType "blitz"]

1. e4 e5 2. Nf3 d5 3. Nxe5 Qe7 4. d4 f6 5. Nf3 dxe4 6. Ng1 f5 7. c4 Nf6 8. Nc3
Nc6 9. Be3 Qf7 10. Nh3 h6 11. Qd2 Bd6 12. O-O-O Bd7 13. c5 Be7 14. d5 Ne5 15.
d6 Bd8 16. Bd4 Nc6 17. dxc7 Bxc7 18. Kb1 Be6 19. Bxf6 Qxf6 20. Nf4 Rd8 21. Nxe6
Rxd2 22. Nxc7+ Kf7 23. Rxd2 Rd8 24. Bc4+ Kg6 25. N7d5 Qe5 26. Rhd1 a6 27. Nf4+
Qxf4 28. Rxd8 Nxd8 29. Rxd8 Qxf2 30. Rd7 Qxc5 31. Bf7+ Kf6 32. Nd5+ Kg5 33. g3
Qg1+ 34. Kc2 Qxh2+ 35. Kc3 Qxg3+ 36. Kb4 b5 37. Be6 Kh4 38. Bxf5 Qe1+ 39. Nc3
e3 40. Rxg7 e2 41. Re7 Qf2 42. Re4+ Kg5 43. Rxe2 Qd4+ 44. Kb3 Kxf5 45. Rh2 Qc4+
46. Kc2 b4 47. Rh5+ Kg6 {Normal} 0-1

[Event "Rated Blitz game"]
[Site "?"]
[Date "2021.10.29"]
[Round "?"]
[White "DavDavtyan"]
[Black "Veronica_Mars"]
[Result "0-1"]
[WhiteElo "2412"]
[BlackElo "2409"]
[PlyCount "116"]
[EventDate "2021.??.??"]
[EventType "blitz"]

1. e4 e5 2. Nf3 d5 3. Nxe5 Bd6 4. d4 dxe4 5. Nc4 Nf6 6. Nc3 O-O 7. Be2 Re8 8.
Be3 Nc6 9. Nxd6 cxd6 10. Qd2 Bg4 11. Bc4 d5 12. Bb3 Na5 13. O-O Nxb3 14. axb3
h6 15. Bf4 a6 16. h3 Be6 17. Nd1 Rc8 18. c3 Qb6 19. b4 Nd7 20. Ne3 Qc6 21. Ra5
Nb6 22. Rc5 Qd7 23. Ra1 Na4 24. Ra5 Nb6 25. Qe2 Nc4 26. Nxc4 Rxc4 27. Rc5 Rc8
28. Qh5 Kh7 29. Re1 b6 30. Rxc4 Rxc4 31. Re3 a5 32. bxa5 bxa5 33. Rg3 Bf5 34.
Rxg7+ Kxg7 35. Qxh6+ Kg8 36. Be5 f6 37. Qxf6 Rc6 38. Qh8+ Kf7 39. Qg7+ Ke8 40.
Qg8+ Ke7 41. Qg7+ Kd8 42. Qf8+ Qe8 43. Qxf5 Re6 44. Qg5+ Kd7 45. h4 Qg6 46.
Qxg6 Rxg6 47. h5 Rg5 48. h6 Rh5 49. Bg7 Ke6 50. g4 Rh4 51. Kf1 Kf7 52. Ke2 Rxg4
53. Be5 Rh4 54. b3 Rxh6 55. b4 axb4 56. cxb4 Ke6 57. b5 Rh7 58. b6 Rb7 {
Time forfeit} 0-1

[Event "Rated Blitz game"]
[Site "?"]
[Date "2021.10.29"]
[Round "?"]
[White "satoshi1126"]
[Black "Annali-annaliew1979"]
[Result "1-0"]
[WhiteElo "2621"]
[BlackElo "2459"]
[PlyCount "95"]
[EventDate "2021.??.??"]
[EventType "blitz"]

1. e4 e5 2. Nf3 d5 3. Nxe5 Qe7 4. d4 f6 5. Ng4 Nc6 6. c3 Bf5 7. Ne3 Bxe4 8. f3
Bxb1 9. Rxb1 Qe6 10. Qb3 O-O-O 11. Bd3 Kb8 12. O-O Nge7 13. Bd2 g6 14. Rfe1 Qd7
15. a4 Bh6 16. Qc2 Rhe8 17. b4 Nc8 18. a5 Nd6 19. Nxd5 Bxd2 20. Qxd2 Qf7 21.
Ne3 a6 22. b5 axb5 23. Bxb5 Nxb5 24. Rxb5 f5 25. Reb1 f4 26. Rxb7+ Kc8 27. Ng4
Qc4 28. Qxf4 Re7 29. a6 Rde8 30. h4 Re1+ 31. Rxe1 Rxe1+ 32. Kh2 Re7 33. Qf8+
Kd7 34. Nf6+ Ke6 35. Ne4 Qd5 36. Qf6+ Kd7 37. Nc5+ Kd8 38. a7 Nxa7 39. Rxa7
Qd6+ 40. Qxd6+ cxd6 41. Ra8+ Kc7 42. Ne4 d5 43. Ra7+ Kd8 44. Rxe7 Kxe7 45. Nc5
Kf6 46. Kg3 Kf5 47. Kf2 h5 48. Ke3 {Normal} 1-0

[Event "Rated Blitz game"]
[Site "?"]
[Date "2021.10.29"]
[Round "?"]
[White "MarkusMaischberger"]
[Black "Annali-annaliew1979"]
[Result "1-0"]
[WhiteElo "2574"]
[BlackElo "2484"]
[PlyCount "129"]
[EventDate "2021.??.??"]
[EventType "blitz"]

1. e4 e5 2. Nf3 d5 3. Nxe5 Qe7 4. d4 f6 5. Ng4 Nc6 6. c3 Bf5 7. Ne3 Bxe4 8. Nd2
f5 9. Nxe4 dxe4 10. Nxf5 Qf7 11. Ng3 Nf6 12. Bg5 O-O-O 13. Qb3 Qg6 14. Bxf6
gxf6 15. O-O-O f5 16. Bc4 Kb8 17. Bf7 Qf6 18. Qe6 Qg5+ 19. Kb1 Bd6 20. h4 Qf4
21. Qxf5 Rhf8 22. Qxf4 Bxf4 23. Bb3 e3 24. Ne2 exf2 25. Nxf4 Rxf4 26. g3 Rf3
27. Rhf1 Rdf8 28. Rd2 a6 29. Bd5 Rxg3 30. Rdxf2 Rxf2 31. Rxf2 Ne7 32. Be4 Rg4
33. Bxh7 Rxh4 34. Bd3 Nd5 35. Kc2 c6 36. Kb3 Kc7 37. a4 a5 38. Bc4 Ne3 39. Rf7+
Kb6 40. Be6 Rh8 41. Re7 Nd1 42. d5 cxd5 43. Bxd5 Rh2 44. Rxb7+ Kc5 45. Rb5+ Kd6
46. Ka3 Rd2 47. Bb3 Ne3 48. Rxa5 Nc2+ 49. Bxc2 Rxc2 50. Ra6+ Kc5 51. Ra5+ Kb6
52. Rb5+ Ka6 53. Kb3 Rd2 54. Rb4 Rd8 55. Rc4 Rb8+ 56. Rb4 Rh8 57. Kc2 Rh2+ 58.
Kb3 Rh1 59. Rd4 Rh2 60. Rd6+ Kb7 61. Rd5 Kc6 62. Rb5 Kc7 63. Rb4 Kc6 64. Rc4+
Kb6 65. a5+ {Time forfeit} 1-0

[Event "Rated Blitz game"]
[Site "?"]
[Date "2021.10.29"]
[Round "?"]
[White "Mijail12"]
[Black "Annali-annaliew1979"]
[Result "0-1"]
[WhiteElo "2593"]
[BlackElo "2476"]
[PlyCount "60"]
[EventDate "2021.??.??"]
[EventType "blitz"]

1. e4 e5 2. Nf3 d5 3. Nxe5 Qe7 4. d4 f6 5. Nd3 Nc6 6. c3 Bf5 7. Be2 Bxe4 8. O-O
Qf7 9. Re1 O-O-O 10. f3 Bf5 11. Nd2 Bd6 12. Nf1 h5 13. b4 h4 14. Ne3 Be6 15.
Nc5 Bxc5 16. bxc5 Nge7 17. Rb1 Kb8 18. Qb3 Bc8 19. Ba6 Na5 20. Qa4 Nec6 21. c4
Ka8 22. cxd5 Rxd5 23. Nxd5 Qxd5 24. Bf1 h3 25. Bf4 g5 26. Bxc7 g4 27. Bxa5 gxf3
28. g3 Nxa5 29. Qxa5 Qxd4+ 30. Kh1 f2 {Normal} 0-1